Theory of Consumer Behavior in Economic Science

Prehľad fáz vývoja teórie spotrebiteľského správania v ekonomickej vede. Porovnanie pomeru racionálnych a iracionálnych motívov ekonomickej činnosti v dielach starovekých filozofov, scholastikov, merkantilistov a pod. Poukázanie na veľký heuristický potenciál teórie produktívnej spotreby pri objasne...

Ausführliche Beschreibung

Gespeichert in:
Bibliographische Detailangaben
1. Verfasser: Sazanova, Svetlana
Format: Buchkapitel
Sprache:Englisch
Schlagworte:
Tags: Tag hinzufügen
Keine Tags, Fügen Sie das erste Tag hinzu!

MARC

LEADER 00000naa a2200000 4500
001 0263751
005 20200604102953.3
041 0 |a eng 
044 |a CZ 
245 1 0 |a Theory of Consumer Behavior in Economic Science  |c Svetlana Sazanova 
520 |a Prehľad fáz vývoja teórie spotrebiteľského správania v ekonomickej vede. Porovnanie pomeru racionálnych a iracionálnych motívov ekonomickej činnosti v dielach starovekých filozofov, scholastikov, merkantilistov a pod. Poukázanie na veľký heuristický potenciál teórie produktívnej spotreby pri objasnení spotrebiteľského správania. Teória organickej iracionality a teória ekonomickej komunikácie. 
610 2 0 |a správanie spotrebiteľa 
610 2 0 |a veda ekonomická 
610 2 0 |a filozofia 
610 2 0 |a spotreba 
610 2 0 |a produkcia 
100 1 |a Sazanova, Svetlana